SURVEY IN 46 countries (Record no. 724458)

MARC details
000 -LEADER
fixed length control field 00607nam a2200217Ia 4500
003 - CONTROL NUMBER IDENTIFIER
control field OSt
005 - DATE AND TIME OF LATEST TRANSACTION
control field 20220928104122.0
008 - FIXED-LENGTH DATA ELEMENTS--GENERAL INFORMATION
fixed length control field 220927b |||||||| |||| 00| 0 eng d
037 ## - SOURCE OF ACQUISITION
Terms of availability Textual
040 ## - CATALOGING SOURCE
Original cataloging agency SDCL
Transcribing agency SDCL
Language of cataloging eng
041 ## - LANGUAGE CODE
Source of code eng
Language code of text/sound track or separate title eng
245 #0 - TITLE STATEMENT
Title SURVEY IN 46 countries
Remainder of title Accounting principles and reporting practices
260 ## - PUBLICATION, DISTRIBUTION, ETC.
Place of publication, distribution, etc. Great
Name of publisher, distributor, etc. Britain Unwin Brothers
Date of publication, distribution, etc. 1976
300 ## - PHYSICAL DESCRIPTION
Extent 264p
Dimensions cm.
942 ## - ADDED ENTRY ELEMENTS (KOHA)
Classification part X:8F.1-1'N7t4, L6
Koha item type Textual
Source of classification or shelving scheme Colon Classification (CC)
Holdings
Withdrawn status Lost status Damaged status Not for loan Home library Current library Date acquired Total Checkouts Full call number Barcode Date last seen Price effective from Koha item type
        South Campus Library South Campus Library 2022-09-28   X:8F.1-1'N7t4 L6 SC0609381 2022-09-28 2022-09-28 Textual
Copyright @ Delhi University Library System